000 00675nam a2200205 a 4500
001 000734516
003 AM-YeHGA
005 20250617160943.0
008 100510s1961 ||||||||||||||||||||rus|c
040 _aAM-YeHGA
041 0 _arus
245 0 0 _aСоставление и редактирование специальных карт :
_bУчебное пособие /
_cА.И. Преображенский и др.
260 _aРига :
_bГеодезиздат,
_c1961.
300 _a320 с.
650 1 4 _aГеография
700 1 _aПреображенский, А.И.
700 1 _aСухов, В.И.
700 1 _aБилич, Ю.С.
090 _c466269
999 _c463085
_d463085